Geography Quiz

Random Geography or State Quiz

10 States with the Most Chipotle Locations Quiz Stats

Quiz Updated Feb 8, 2016

Also try: Fast Food Logos
Challenge
Share
Tweet
Embed
Score 0/10 Timer 02:00
0 Plays Today
Total Locations State % Correct
188California
98.2%
44New York
96.7%
107Texas
96.2%
61Florida
92.5%
39Arizona
82.6%
79Illinois
78.9%
123Ohio
72%
83Colorado
68%
47Virginia
60.8%
55Minnesota
43.6%

You're not logged in!

Compare scores with friends on all Sporcle quizzes.
Join for Free
OR
Log In

You Might Also Like...

Show Comments

Extras

Top Quizzes Today


Score Distribution

Your Account Isn't Verified!

In order to create a playlist on Sporcle, you need to verify the email address you used during registration. Go to your Sporcle Settings to finish the process.

Report this User

Report this user for behavior that violates our Community Guidelines.

Details: